Návrh na zlepšenie adaptačného procesu zamestnancov v Slovenských lodeniciach Komárno, a.s.
Salvato in:
| Autore principale: | |
|---|---|
| Altri autori: | |
| Natura: | Manoscritto Libro |
| Lingua: | slovacco |
| Pubblicazione: |
STU v Bratislave MTF UPMK,
2010
|
| Soggetti: | |
| Accesso online: | VAIS |
| Tags: |
Nessun Tag, puoi essere il primo ad aggiungerne!!
|
MARC
| LEADER | 00000ntm a22000003a 4500 | ||
|---|---|---|---|
| 001 | stu206402 | ||
| 005 | 20160719160242.6 | ||
| 008 | 100703s2010------------------------slo-d | ||
| 040 | |a STU |b slo | ||
| 041 | 0 | |a slo | |
| 100 | 1 | |a Kissová, Eva, |d 1985- |4 aut |X 30309 |7 A000030309 | |
| 242 | 0 | 0 | |a Proposal for improving the adaptation process in the Slovak Shipyard in Komárno |y eng |
| 245 | 1 | |a Návrh na zlepšenie adaptačného procesu zamestnancov v Slovenských lodeniciach Komárno, a.s. | |
| 260 | |b STU v Bratislave MTF UPMK, |c 2010 | ||
| 650 | 7 | |a adaptačný program |2 stusub | |
| 650 | 7 | |a personnel management |2 estusub | |
| 650 | 7 | |a adaptation |2 estusub | |
| 650 | 7 | |a personálny manažment |2 stusub | |
| 650 | 7 | |a adaptácia |2 stusub | |
| 700 | 1 | |a Šaturová, Katarína, |d 1968- |4 xxx |X 3649 |7 A000003649 | |
| 856 | 4 | |a info a plný text |u http://is.stuba.sk/zp/portal_zp.pl?podrobnosti=58161 |3 VAIS | |
| 996 | |c M*DP-9397 |l MMSKP |s P |a 0 |w stu206402_0001 | ||